<?xml version="1.0" encoding="UTF-8"?><?xml-stylesheet type="text/xsl" href="static/style.xsl"?><OAI-PMH xmlns="http://www.openarchives.org/OAI/2.0/" xmlns:xsi="http://www.w3.org/2001/XMLSchema-instance" xsi:schemaLocation="http://www.openarchives.org/OAI/2.0/ http://www.openarchives.org/OAI/2.0/OAI-PMH.xsd"><responseDate>2026-04-27T19:54:00Z</responseDate><request verb="GetRecord" identifier="oai:uvadoc.uva.es:10324/6771" metadataPrefix="marc">https://uvadoc.uva.es/oai/request</request><GetRecord><record><header><identifier>oai:uvadoc.uva.es:10324/6771</identifier><datestamp>2021-06-29T10:22:13Z</datestamp><setSpec>com_10324_38</setSpec><setSpec>col_10324_852</setSpec></header><metadata><record xmlns="http://www.loc.gov/MARC21/slim" xmlns:doc="http://www.lyncode.com/xoai" xmlns:xsi="http://www.w3.org/2001/XMLSchema-instance" xmlns:dcterms="http://purl.org/dc/terms/" xsi:schemaLocation="http://www.loc.gov/MARC21/slim http://www.loc.gov/standards/marcxml/schema/MARC21slim.xsd">
<leader>00925njm 22002777a 4500</leader>
<datafield tag="042" ind1=" " ind2=" ">
<subfield code="a">dc</subfield>
</datafield>
<datafield tag="720" ind1=" " ind2=" ">
<subfield code="a">Arija Gómez, Cristina</subfield>
<subfield code="e">author</subfield>
</datafield>
<datafield tag="260" ind1=" " ind2=" ">
<subfield code="c">2014</subfield>
</datafield>
<datafield tag="520" ind1=" " ind2=" ">
<subfield code="a">En los últimos tiempos podemos observar un aumento de la diversidad cultural en España. Este aumento se debe por un lado a los movimientos migratorios, como por las demandas culturales que se están produciendo por esa pluralidad existente, Los acontecimientos sociales y políticos hacen necesaria la intervención desde todas las esferas y en concreto desde la educación social, intervenir mediante estrategias e intervenciones que favorezca a reproducir modelos de conducta basados en el respeto y la tolerancia, ayudando a evitar y erradicar comportamientos como la xenofobia, racismo e intolerancia.&#xd;
En este trabajo nos vamos a encontrar con dos temas de actualidad: las migraciones y la convivencia entre las distintas culturas, ya que desde hace años es notable el asentamiento de personas que vienen de otros países en España y observando mas de cerca, en Palencia. pero todo ello conlleva una serie de antecedentes y consecuencias que veremos de forma teórica y contextualizándolo en la realidad dónde voy a centrar mi propuesta de intervención referida a la necesidad de una educación intercultural.</subfield>
</datafield>
<datafield tag="024" ind2=" " ind1="8">
<subfield code="a">http://uvadoc.uva.es/handle/10324/6771</subfield>
</datafield>
<datafield ind1=" " ind2=" " tag="653">
<subfield code="a">Educación cívica</subfield>
</datafield>
<datafield ind1=" " ind2=" " tag="653">
<subfield code="a">Educación intercultural</subfield>
</datafield>
<datafield ind1=" " ind2=" " tag="653">
<subfield code="a">Multiculturalismo</subfield>
</datafield>
<datafield tag="245" ind1="0" ind2="0">
<subfield code="a">Educación social y diversidad cultural. Educación Intercultural en el Barrio del Carmen (Palencia)</subfield>
</datafield>
</record></metadata></record></GetRecord></OAI-PMH>